000 00733nam a2200229 4500
003 OSt
005 20240725063105.0
006 a
008 240725b |||||||| |||| 00| 0 eng d
020 _a0071116435
040 _aDWCL-Main lib.
_cOC
082 _2Brief sixth edition
_aCirc. 327 R862i 2006
100 _aRourke, John T.
245 _aInternational politics on the world stage /
250 _aBrief sixth edition
260 _aBoston :
_bMcGraw-Hill,
_cc2006.
300 _axviii,
_b(various paging) : ill. ;
_c23 cm.
504 _aIncludes bibliographical references & index.
650 _a1. International Relations.
650 _a2. World Politics, 1989-.
942 _2ddc
_n0
_cBK-CIRC
_eBrief sixth edition
_kCirc.
999 _c2735
_d2735